Les gens de rien : une histoire de la grande pauvreté dans la France du XXe siècle, André Gueslin, Fayard, Paris, 2004, 456 pages (notice n° 1647426)

détails MARC
000 -LEADER
fixed length control field 02037cam a2200169 4500500
005 - DATE AND TIME OF LATEST TRANSACTION
control field 20260208003240.0
041 ## - LANGUAGE CODE
Language code of text/sound track or separate title fre
042 ## - AUTHENTICATION CODE
Authentication code dc
100 10 - MAIN ENTRY--PERSONAL NAME
Personal name Sonnet, Martine
Relator term author
245 00 - TITLE STATEMENT
Title Les gens de rien : une histoire de la grande pauvreté dans la France du XXe siècle, André Gueslin, Fayard, Paris, 2004, 456 pages
260 ## - PUBLICATION, DISTRIBUTION, ETC.
Date of publication, distribution, etc. 2004.<br/>
500 ## - GENERAL NOTE
General note 37
520 ## - SUMMARY, ETC.
Summary, etc. RésuméAprès une longue période où les mouvements migratoires affectant la France consistaient en un départ de populations pauvres vers la métropole pour une réinstallation dans la durée soumise à l’injonction de l’intégration, les années quatre-vingt-dix ont vu une autre phase s’ouvrir, marquée par la diversification des personnes en mouvement, la complexification de leur circulation et des modalités de celle-ci. Les techniques nouvelles et le processus de mondialisation amenèrent les chercheurs à revisiter les concepts supposés acquis, comme celui d’intégration. C’est à une telle dynamique de recherche renouvelée que l’on assiste aujourd’hui en France et dans le monde, qui conduit sans doute à des approches plus ambitieuses et mieux coordonnées.
520 ## - SUMMARY, ETC.
Summary, etc. After a long period during which migration as it affected France was a matter of poor people coming to settle within the terms of the requirement to integrate, a new phase has opened in the 1990s. Its characteristics are the diversification of people who move and the greater complexity of their patterns and modes of movement. New techniques and the process of globalisation have led researchers to re-assess supposedly accepted concepts, such as integration. This renewed research dynamic, which is currently in evidence in France and elsewhere, will no doubt lead to more ambitious and better coordinated approaches
786 0# - DATA SOURCE ENTRY
Note Revue française des affaires sociales | - | 2 | 2004-06-01 | p. 209b-212b | 0035-2985
856 41 - ELECTRONIC LOCATION AND ACCESS
Uniform Resource Identifier <a href="https://shs.cairn.info/revue-francaise-des-affaires-sociales-2004-2-page-209b?lang=fr&redirect-ssocas=7080">https://shs.cairn.info/revue-francaise-des-affaires-sociales-2004-2-page-209b?lang=fr&redirect-ssocas=7080</a>

Pas d'exemplaire disponible.

PLUDOC

PLUDOC est la plateforme unique et centralisée de gestion des bibliothèques physiques et numériques de Guinée administré par le CEDUST. Elle est la plus grande base de données de ressources documentaires pour les Étudiants, Enseignants chercheurs et Chercheurs de Guinée.

Adresse

627 919 101/664 919 101

25 boulevard du commerce
Kaloum, Conakry, Guinée

Réseaux sociaux

Powered by Netsen Group @ 2025